Harmonic analysis on real reductive groups
Αποθηκεύτηκε σε:
| Κύριος συγγραφέας: | |
|---|---|
| Μορφή: | Βιβλίο |
| Γλώσσα: | English |
| Δημοσίευση: |
Berlin ; New York :
Springer-Verlag,
1977
|
| Σειρά: | Lecture notes in mathematics (Springer-Verlag)
; 576 |
| Θέματα: | |
| Ετικέτες: |
Προσθήκη ετικέτας
Δεν υπάρχουν, Καταχωρήστε ετικέτα πρώτοι!
|
MARC
| LEADER | 00000nam a2200000 i 4500 | ||
|---|---|---|---|
| 001 | 1/59516 | ||
| 008 | 941103s1977 eng d | ||
| 020 | |a 3-540-08135-6 | ||
| 035 | |a 1990 |c ΑΝΟΥΣΗΣ |l 10046093 | ||
| 040 | |a GR-MY-UA |b gre |e aacr | ||
| 041 | 0 | |a eng | |
| 082 | 0 | |a 512.55 | |
| 100 | 1 | |a Varadarajan, V. S. | |
| 245 | 1 | 0 | |a Harmonic analysis on real reductive groups / |c V.S. Varadarajan |
| 246 | 3 | 3 | |a Real reductive groups |
| 260 | |a Berlin ; New York : |b Springer-Verlag, |c 1977 | ||
| 300 | |a 521 p.; |c 25 cm. | ||
| 490 | 1 | |a Lecture notes in mathematics (Springer-Verlag) |v ; 576 | |
| 500 | |a Includes bibliographies and index | ||
| 650 | 0 | 0 | |a Lie groups. |
| 650 | 0 | 0 | |a Lie algebras. |
| 650 | 0 | 0 | |a Harmonic analysis. |
| 830 | 0 | |a Lecture notes in mathematics (Springer-Verlag) |v ; 576 | |
| 852 | |a INST |b SAMOS |e 19941103 |h 512.55 VAR |p 005300001673 |q 005300001673 |t BK |y 0 | ||
| 909 | |a Σ |b 018183 | ||